24 vidas apasionantes / (Record no. 149340)

MARC details
000 -LEADER
campo de control de longitud fija 00532nam a2200169 i 4500
001 - NÚMERO DE CONTROL
campo de control 149340
003 - IDENTIFICADOR DE NÚMERO DE CONTROL
campo de control ES-MaACL
005 - FECHA Y HORA DE LA ÚLTIMA TRANSACCIÓN
campo de control 20240423092726.0
007 - CAMPO FIJO DE DESCRIPCIÓN FÍSICA--INFORMACIÓN GENERAL
campo de control de longitud fija t|
008 - DATOS DE LONGITUD FIJA--INFORMACIÓN GENERAL
campo de control de longitud fija 071019s1956 sp ||||1| spa d
245 00 - MENCIÓN DEL TÍTULO
Título 24 vidas apasionantes /
Mención de responsabilidad, etc. [edición cuidada y anotada por Fernando Quiñones].
260 ## - PUBLICACIÓN, DISTRIBUCIÓN, ETC.
Lugar de publicación, distribución, etc. [Madrid] :
Nombre del editor, distribuidor, etc. Selecciones del Reader's Digest,
Fecha de publicación, distribución, etc. [1956]
300 ## - DESCRIPCIÓN FÍSICA
Extensión 174 p. :
Otras características físicas il. ;
Dimensiones 19 cm.
700 0# - ENTRADA AGREGADA--NOMBRE PERSONAL
Nombre de persona Quiñones, Fernando,
Fechas asociadas al nombre 1930-1998
9 (RLIN) 94750
852 ## - LOCALIZACIÓN
Ubicación ES-MaACL
Número de control de estantería C-13874
Sublocalización o colección R.40187
Holdings
Estatus retirado Estado de pérdida Estado de daño No para préstamo Biblioteca de origen Biblioteca actual Ubicación en estantería Fecha de adquisición Fuente de adquisición Total de préstamos Signatura topográfica completa Código de barras Visto por última vez Precio de reemplazo Tipo de ítem Koha
        Biblioteca del Ateneo de Madrid Biblioteca del Ateneo de Madrid Sala Palomar 17/01/2008     C-13874 1155839 23/02/2023 23/02/2023 Libro impreso